[Event "Sveins 10. minneturnering"]
[Site "Oslo"]
[Date "2017.06.26"]
[Round "7"]
[White "Lindbøl, Aleksander"]
[Black "Al-Tarbosh, Ward"]
[Result "0-1"]
[WhiteElo "2076"]
[BlackElo "2248"]
[PlyCount "112"]
[EventDate "2017.??.??"]

1. c4 c5 2. Nc3 Nc6 3. Nf3 Nf6 4. e3 e5 5. d4 e4 6. Nd2 cxd4 7. exd4 Bb4 8. Nb3
O-O 9. Be2 h6 10. O-O b6 11. Bf4 d5 12. a3 dxc4 13. Bxc4 Bd6 14. Ne2 Ne7 15.
Bxd6 Qxd6 16. Ng3 Bb7 17. Rc1 Rad8 18. Qd2 Qd7 19. Rfd1 Rfe8 20. Na1 Ng6 21.
Nc2 Bd5 22. Ne3 Bxc4 23. Rxc4 Nf4 24. Qc3 N6d5 25. Qc2 Qe6 26. Rc6 Rd6 27. Rxd6
Qxd6 28. Nxd5 Qxd5 29. h3 e3 30. fxe3 Rxe3 31. Qc8+ Kh7 32. Qf5+ Qxf5 33. Nxf5
Re2 34. Rf1 g5 35. Rf2 Kg6 36. Nd6 Re7 37. Rd2 Re2 38. Rxe2 Nxe2+ 39. Kf2 Nxd4
40. Nc8 Nc6 41. b4 b5 42. Nd6 Nd4 43. Ke3 Nc2+ 44. Kd3 Nxa3 45. Kc3 Kf6 46. Nc8
a6 47. Nb6 Ke6 48. Kb3 Nc4 49. Nxc4 bxc4+ 50. Kxc4 Kd6 51. g4 Ke5 52. Kc5 f5
53. gxf5 h5 54. f6 Kxf6 55. Kd4 Kf5 56. Ke3 Ke5 
0-1

[Event "Sveins 10. minneturnering"]
[Site "Oslo"]
[Date "2017.06.26"]
[Round "7"]
[White "Tenold, Andreas"]
[Black "Vestby-Ellingsen, Mads"]
[Result "0-1"]
[WhiteElo "1705"]
[BlackElo "2179"]
[PlyCount "44"]
[EventDate "2017.??.??"]

1. d4 Nf6 2. Nf3 g6 3. e3 Bg7 4. c4 d6 5. Be2 O-O 6. Nc3 Nbd7 7. O-O e5 8. b3
Re8 9. dxe5 Ng4 10. Bb2 Ngxe5 11. Qd2 Nxf3+ 12. Bxf3 Ne5 13. Be2 Qh4 14. Nd5
Qd8 15. f4 Nd7 16. f5 Bxb2 17. fxg6 hxg6 18. Qxb2 c6 19. Nf6+ Nxf6 20. Rxf6
Rxe3 21. Raf1 Bf5 22. Bf3 Re5
0-1

[Event "Sveins 10. minneturnering"]
[Site "Oslo"]
[Date "2017.06.26"]
[Round "7"]
[White "Moen, Ole Christian"]
[Black "Toby, Albert"]
[Result "1-0"]
[WhiteElo "2178"]
[BlackElo "2015"]
[PlyCount "117"]
[EventDate "2017.??.??"]

1. e4 c6 2. Nc3 d5 3. Nf3 Bg4 4. h3 Bxf3 5. Qxf3 e6 6. a3 Nd7 7. d4 Qb6 8. exd5
cxd5 9. Bb5 Ngf6 10. O-O Bd6 11. Bf4 O-O 12. Rfe1 Rac8 13. Bd3 Bxf4 14. Qxf4 a6
15. Ne2 Rfe8 16. c3 e5 17. dxe5 Rxe5 18. Qd4 Rce8 19. Kf1 g6 20. b4 Qe6 21. c4
dxc4 22. Bxc4 Qb6 23. Rad1 R8e7 24. Qxb6 Nxb6 25. Bb3 a5 26. Nc3 axb4 27. Rxe5
Rxe5 28. axb4 Ne4 29. Nd5 Nxd5 30. Rxd5 Re7 31. f3 Nf6 32. Rd6 Kg7 33. h4 Nh5
34. Kf2 Nf6 35. g4 Rd7 36. Rxd7 Nxd7 37. Ke3 h6 38. f4 Kf6 39. Kd4 Ke7 40. g5
h5 41. Bd5 b6 42. Kc4 f6 43. Kb5 fxg5 44. fxg5 Kd6 45. Be4 Nf8 46. Kxb6 Ke5 47.
Bb7 Ne6 48. Bc8 Nd4 49. Kc5 Nb3+ 50. Kc4 Nd2+ 51. Kc5 Nb3+ 52. Kc6 Nd4+ 53. Kd7
Kf4 54. Ke8 Kg3 55. Kf7 Nc6 56. b5 Na7 57. Bd7 Nxb5 58. Bxb5 Kxh4 59. Kxg6
1-0

[Event "Sveins 10. minneturnering"]
[Site "Oslo"]
[Date "2017.06.26"]
[Round "7"]
[White "Haubro, Sigfred"]
[Black "Rødsmoen, Maud"]
[Result "1/2-1/2"]
[WhiteElo "2175"]
[BlackElo "1947"]
[PlyCount "180"]
[EventDate "2017.??.??"]

1. b4 e6 2. Bb2 Nf6 3. a3 d5 4. Nf3 c5 5. bxc5 Bxc5 6. e3 O-O 7. Be2 b6 8. O-O
Ba6 9. Nc3 Bxe2 10. Nxe2 Nc6 11. Ng3 Rc8 12. Ng5 Na5 13. d3 h6 14. Nf3 Qe7 15.
Qe2 Rc7 16. Ne5 Rfc8 17. f4 Bd6 18. Rfc1 Qe8 19. Nf3 Be7 20. Be5 Nb3 21. Bxc7
Nxc1 22. Rxc1 Rxc7 23. f5 Bxa3 24. Ra1 Bd6 25. fxe6 fxe6 26. e4 Bxg3 27. hxg3
dxe4 28. dxe4 Qc8 29. Ra2 Qb7 30. e5 Ne4 31. Qd3 Qd5 32. Ra3 Qxd3 33. cxd3 Nxg3
34. Nd4 Kf7 35. Nb5 Rc1+ 36. Kf2 Nh1+ 37. Kf3 Rf1+ 38. Ke3 a5 39. Nd6+ Kg6 40.
Rb3 Ng3 41. Rxb6 Nf5+ 42. Ke2 Ra1 43. g4 Nd4+ 44. Ke3 Nc2+ 45. Kd2 Nb4 46. Nc4
Ra2+ 47. Kd1 Nxd3 48. Rxe6+ Kf7 49. Ra6 Nf2+ 50. Ke1 Nxg4 51. e6+ Ke8 52. Nxa5
Rc2 53. Nc6 Rxc6 54. Rxc6 Ke7 55. Rc7+ Kxe6 56. Rxg7 Kf5 57. Ke2 Kf4 58. Rh7
Kg3 59. Rh8 Kf4 60. Kf1 Kg3 61. Kg1 Kf3 62. Ra8 Kf4 63. Kg2 Kf5 64. Kg3 h5 65.
Kh4 Nf6 66. Ra5+ Kg6 67. Kg3 Kf7 68. Kf4 Kg6 69. Rg5+ Kf7 70. Kf5 h4 71. Rg6
Ne4 72. Rh6 Ng3+ 73. Kg4 Ne4 74. Rxh4 Ke6 75. Kf3 Nf6 76. Ra4 Nd5 77. Ra7 Ke5
78. Ra6 Nb4 79. Ra5+ Kd4 80. Ra4 Kc5 81. Ke4 Nc6 82. Ra1 Kd6 83. Rd1+ Ke6 84.
Rd5 Ne7 85. Rh5 Kf6 86. Ra5 Ke6 87. Ra6+ Kd7 88. Ke5 Nc6+ 89. Ke4 Kd6 90. Rxc6+
Kxc6
1/2-1/2

[Event "Sveins 10. minneturnering"]
[Site "Oslo"]
[Date "2017.06.26"]
[Round "7"]
[White "Sousa, Ludy Helsio P"]
[Black "Greibrokk, Ingrid"]
[Result "1-0"]
[WhiteElo "2159"]
[BlackElo "1936"]
[PlyCount "119"]
[EventDate "2017.??.??"]

1. e4 c5 2. Nf3 d6 3. d4 cxd4 4. Nxd4 Nf6 5. Nc3 g6 6. Be3 Bg7 7. f3 O-O 8. Qd2
Nc6 9. O-O-O d5 10. exd5 Nxd5 11. Nxc6 bxc6 12. Bd4 Bxd4 13. Qxd4 Qb6 14. Na4
Qa5 15. b3 Re8 16. Qc5 Qxc5 17. Nxc5 e5 18. a4 a5 19. Rd2 Ra7 20. Bc4 Ne3 21.
Bd3 Nf5 22. Bxf5 gxf5 23. Re1 Kg7 24. Rd6 Rc7 25. f4 e4 26. Re3 Be6 27. Rc3 Bd5
28. Rxd5 cxd5 29. Ne6+ Rxe6 30. Rxc7 Rg6 31. g3 Rh6 32. Rd7 Rxh2 33. Rxd5 Kf6
34. Rxa5 Rg2 35. Re5 Rxg3 36. Re8 h5 37. a5 h4 38. a6 h3 39. a7 h2 40. Rh8
h1=Q+ 41. Rxh1 Rg8 42. Rh6+ Ke7 43. Ra6 Ra8 44. b4 Kd8 45. Ra5 Kc8 46. Kd2 Kb7
47. Rxf5 Kxa7 48. Rxf7+ Kb6 49. Re7 Kb5 50. Rxe4 Rf8 51. Kc3 Kb6 52. Kb3 Rg8
53. f5 Rg3+ 54. Kc4 Rf3 55. Re6+ Kc7 56. f6 Kd7 57. Ra6 Rf4+ 58. Kb3 Rf3+ 59.
c3 Kc7 60. b5 
1-0

[Event "Sveins 10. minneturnering"]
[Site "Oslo"]
[Date "2017.06.26"]
[Round "7"]
[White "Grønn, Embla Ekeland"]
[Black "Nordquelle, Daniel"]
[Result "0-1"]
[WhiteElo "1616"]
[BlackElo "2143"]
[PlyCount "52"]
[EventDate "2017.??.??"]

1. d4 Nf6 2. Nc3 e6 3. Bg5 d5 4. e4 Bb4 5. e5 h6 6. Bd2 Bxc3 7. Bxc3 Ne4 8. Bd3
Nxc3 9. bxc3 c5 10. Nf3 Nc6 11. O-O Qa5 12. Qe1 O-O 13. Qe3 Kh8 14. Be2 b6 15.
Rfb1 c4 16. g4 Bd7 17. g5 h5 18. Nd2 g6 19. Qh3 Kg7 20. Qf3 Rab8 21. Qf6+ Kh7
22. Bxh5 Qxc3 23. Nf3 Qxc2 24. Nh4 Qe4 25. f4 Qxd4+ 26. Kh1 Nxe5
0-1

[Event "Sveins 10. minneturnering"]
[Site "Oslo"]
[Date "2017.06.26"]
[Round "7"]
[White "Kizatbay, Abyl"]
[Black "Kvendseth, Cornelius"]
[Result "1/2-1/2"]
[WhiteElo "2134"]
[BlackElo "1849"]
[PlyCount "98"]
[EventDate "2017.??.??"]

1. e4 c5 2. Nf3 Nc6 3. d4 cxd4 4. Nxd4 Nf6 5. Nc3 e5 6. Ndb5 d6 7. Bg5 a6 8.
Na3 b5 9. Nd5 Be7 10. Bxf6 Bxf6 11. c3 Bg5 12. Nc2 O-O 13. a4 Rb8 14. axb5 axb5
15. Bd3 Be6 16. Ra6 Qc8 17. Qa1 Bxd5 18. exd5 Ne7 19. Nb4 Qc5 20. O-O f5 21.
Rd1 e4 22. Bf1 e3 23. fxe3 f4 24. Rd4 f3 25. Nd3 Bxe3+ 26. Kh1 Qc7 27. Re4 Bb6
28. Nf4 Qc5 29. Rd4 Rf6 30. Ra8 Rc8 31. Ne6 fxg2+ 32. Bxg2 Rxa8 33. Qxa8+ Qc8
34. Qxc8+ Nxc8 35. Rb4 Na7 36. Rg4 g6 37. h4 Kf7 38. h5 Rf5 39. hxg6+ hxg6 40.
Be4 Rf1+ 41. Kg2 Rf2+ 42. Kg3 Rxb2 43. Rf4+ Ke8 44. Bxg6+ Kd7 45. Rb4 Rxb4 46.
cxb4 Be3 47. Bd3 Bd2 48. Nd4 Bxb4 49. Bxb5+ Nxb5 
1/2-1/2

[Event "Sveins 10. minneturnering"]
[Site "Oslo"]
[Date "2017.06.26"]
[Round "7"]
[White "Lund, Gunnar"]
[Black "Lund, Terje"]
[Result "1-0"]
[WhiteElo "1914"]
[BlackElo "2095"]
[PlyCount "67"]
[EventDate "2017.??.??"]

1. e4 Nf6 2. e5 Nd5 3. d4 d6 4. c4 Nb6 5. exd6 exd6 6. Nc3 Be7 7. Be3 O-O 8.
Qf3 Nc6 9. O-O-O Be6 10. c5 Nc8 11. Ba6 bxa6 12. Qxc6 Rb8 13. Qxa6 Bf5 14. Nge2
Bg5 15. f4 Qe8 16. Bf2 Bf6 17. Rhe1 Ne7 18. h3 dxc5 19. dxc5 Bc8 20. Qa3 Qc6
21. Bd4 Bxd4 22. Nxd4 Qf6 23. Kb1 Nf5 24. Nd5 Qg6 25. Ka1 Kh8 26. Nxf5 Qxf5 27.
c6 Be6 28. Nxc7 Qxf4 29. Nxe6 fxe6 30. Qc3 Rfe8 31. c7 Rbc8 32. Rd7 Qg5 33.
Red1 h6 34. Qd3
1-0

[Event "Sveins 10. minneturnering"]
[Site "Oslo"]
[Date "2017.06.26"]
[Round "7"]
[White "Hansen, Lars-Henrik Bech"]
[Black "Sidali, Elias Hulleberg"]
[Result "1-0"]
[WhiteElo "2019"]
[BlackElo "1675"]
[PlyCount "83"]
[EventDate "2017.??.??"]

1. e4 c6 2. d4 d5 3. exd5 cxd5 4. Bd3 Nc6 5. c3 Qc7 6. Ne2 Bg4 7. O-O e6 8. h3
Bh5 9. Re1 Bd6 10. Qa4 Nf6 11. Na3 Bxa3 12. Qxa3 Qe7 13. b4 a5 14. Rb1 O-O 15.
b5 Qxa3 16. Bxa3 Nd8 17. Bxf8 Kxf8 18. Nf4 Bg6 19. Nxg6+ hxg6 20. c4 dxc4 21.
Bxc4 b6 22. a4 Nb7 23. Bb3 Rd8 24. Red1 Nd6 25. g4 Nde4 26. Rbc1 Nd5 27. Bxd5
Rxd5 28. f3 Nf6 29. Kf2 Nd7 30. f4 Ke7 31. Ke3 Kd6 32. Rc8 Ke7 33. Rdc1 f5 34.
g5 Kf7 35. R1c6 Ke7 36. R8c7 Kd8 37. Ra7 e5 38. fxe5 f4+ 39. Ke4 f3 40. Kxd5
Nc5 41. dxc5 f2 42. Rf7
1-0

[Event "Sveins 10. minneturnering"]
[Site "Oslo"]
[Date "2017.06.26"]
[Round "7"]
[White "Omtvedt, Per"]
[Black "Papanek, Ella Sharpe"]
[Result "0-1"]
[WhiteElo "1934"]
[BlackElo "1671"]
[PlyCount "72"]
[EventDate "2017.??.??"]

1. e4 c5 2. Nc3 e6 3. g3 d5 4. exd5 exd5 5. Bg2 Nf6 6. d3 d4 7. Ne4 Nxe4 8.
dxe4 Nc6 9. Ne2 Be7 10. O-O O-O 11. Nf4 Ne5 12. Qe2 Bg4 13. f3 Bd7 14. Nd5 a6
15. a4 b5 16. f4 Nc4 17. e5 Rb8 18. f5 Nb6 19. Nxb6 Qxb6 20. a5 Qd8 21. Be4 f6
22. Bf4 Rc8 23. Bb7 fxe5 24. Bxc8 Bxc8 25. Bxe5 Bb7 26. Bf4 c4 27. h3 Bc5 28.
Qe6+ Kh8 29. Qe5 Qc8 30. Bh6 Rf7 31. Bg5 Qc6 32. Kf2 d3+ 33. Ke1 Rf8 34. Kd1
Qg2 35. Qxc5 Qxc2+ 36. Ke1 Qe2#
0-1

[Event "Sveins 10. minneturnering"]
[Site "Oslo"]
[Date "2017.06.26"]
[Round "7"]
[White "Enersen, Eirik S"]
[Black "Sundsbo, Sigve"]
[Result "1/2-1/2"]
[WhiteElo "1705"]
[BlackElo "1796"]
[PlyCount "27"]
[EventDate "2017.??.??"]

1. e4 e6 2. Nf3 d5 3. Nc3 Nf6 4. exd5 exd5 5. d4 Bd6 6. Bg5 c6 7. Be2 O-O 8.
O-O Bf5 9. Nh4 Bg6 10. Nxg6 hxg6 11. Bf3 Nbd7 12. Re1 Qc7 13. g3 Rfe8 14. Qd3
1/2-1/2

[Event "Sveins 10. minneturnering"]
[Site "Oslo"]
[Date "2017.06.26"]
[Round "7"]
[White "Næss, Sara"]
[Black "Grindbakken, Erik"]
[Result "1-0"]
[WhiteElo "1795"]
[BlackElo "1624"]
[PlyCount "51"]
[EventDate "2017.??.??"]

1. e4 e6 2. d4 d5 3. Nc3 Nf6 4. Bg5 Bb4 5. e5 h6 6. Bd2 Bxc3 7. bxc3 Ne4 8. Qg4
Kf8 9. Bd3 Nxd2 10. Kxd2 c5 11. h4 Nc6 12. Rh3 c4 13. Be2 b5 14. Rg3 Rg8 15. a3
a5 16. Nh3 Rb8 17. Nf4 b4 18. axb4 axb4 19. cxb4 Rxb4 20. c3 Rb8 21. Nh5 Qb6
22. Ke1 Qb2 23. Rd1 g6 24. Qf4 Ke8 25. Nf6+ Kd8 26. Nxg8
1-0

[Event "Sveins 10. minneturnering"]
[Site "Oslo"]
[Date "2017.06.26"]
[Round "7"]
[White "Gaure, Sigurd Lauvas"]
[Black "Merkesvik, Amalie Isabel"]
[Result "0-1"]
[WhiteElo "1532"]
[BlackElo "1782"]
[PlyCount "56"]
[EventDate "2017.??.??"]

1. e4 c5 2. Nf3 d6 3. d4 cxd4 4. Nxd4 Nf6 5. Nc3 a6 6. Bd3 e6 7. O-O Be7 8. h3
O-O 9. Be3 b5 10. a3 Bb7 11. Re1 Nbd7 12. Bg5 Rc8 13. Nf3 Qc7 14. Re3 Nb6 15.
e5 dxe5 16. Nxe5 Nfd5 17. Nxd5 Nxd5 18. Qh5 g6 19. Nxg6 fxg6 20. Bxg6 Bxg5 21.
Rg3 h6 22. h4 Rxf2 23. Kxf2 Be3+ 24. Rxe3 Nxe3 25. Kxe3 Qg3+ 26. Ke2 Qxg2+ 27.
Ke3 Qg3+ 28. Ke2 Rf8
0-1

[Event "Sveins 10. minneturnering"]
[Site "Oslo"]
[Date "2017.06.26"]
[Round "7"]
[White "Skaslien, Ingrid"]
[Black "Neuzil, Torey G"]
[Result "1/2-1/2"]
[WhiteElo "1773"]
[BlackElo "1743"]
[PlyCount "147"]
[EventDate "2017.??.??"]

1. d4 Nf6 2. c4 e5 3. dxe5 Ng4 4. Nf3 Bc5 5. e3 Nc6 6. Nc3 O-O 7. Be2 Re8 8.
Nd4 Ngxe5 9. O-O a5 10. b3 d6 11. Bb2 Bd7 12. Nd5 Ne7 13. Nf4 N7g6 14. Nxg6
Nxg6 15. Bf3 Rb8 16. Qd3 Ne5 17. Qc3 Qg5 18. Kh1 Bb4 19. Qc2 Ng4 20. Bd5 Qh6
21. Nf3 c6 22. Be4 Nf6 23. Bf5 Bxf5 24. Qxf5 Ne4 25. Qg4 Nf6 26. Qg5 Qxg5 27.
Nxg5 Ng4 28. a3 Bc5 29. Bc3 Bb6 30. Rad1 Rbd8 31. h3 Ne5 32. Rd2 f5 33. Rfd1 h6
34. Nf3 Nxf3 35. gxf3 Bc7 36. Kg2 Kf7 37. b4 axb4 38. Bxb4 Re6 39. Kf1 Ke7 40.
Bc3 g6 41. Bg7 g5 42. Bb2 Ra8 43. Ke2 Ra4 44. Rc2 Rg6 45. Rg1 Re6 46. Rh1 Kf7
47. Rg1 Bd8 48. Rb1 Ra7 49. Bd4 c5 50. Bb2 Bf6 51. Bc1 Re7 52. Rd2 Ke6 53. Kd3
Ra4 54. Rb6 Rd7 55. Rc2 Ke7 56. Ke2 Kd8 57. Rb3 Kc7 58. e4 f4 59. Bd2 Rd8 60.
Rc1 Rda8 61. Rcb1 R8a7 62. Bc1 Rxc4 63. Kd2 d5 64. exd5 Rd4+ 65. Rd3 c4 66.
Rxd4 Bxd4 67. Rb4 c3+ 68. Kd3 Bg7 69. Kc4 Ra5 70. Rb5 Ra4+ 71. Rb4 Ra5 72. Rb5
Ra4+ 73. Rb4 Ra5 74. Rb5 
1/2-1/2

[Event "Sveins 10. minneturnering"]
[Site "Oslo"]
[Date "2017.06.23"]
[Round "7"]
[White "Svanholm, Børge W"]
[Black "Vestjord, Harald Christian"]
[Result "1/2-1/2"]
[WhiteElo "1756"]
[BlackElo "1760"]
[PlyCount "110"]
[EventDate "2017.??.??"]

1. c4 c6 2. d4 d5 3. Nf3 Nf6 4. Nc3 e6 5. e3 Nbd7 6. Qc2 Bd6 7. b3 O-O 8. Be2
b6 9. O-O Bb7 10. Bb2 Rc8 11. Rac1 Re8 12. Rfd1 c5 13. cxd5 Nxd5 14. dxc5 Nxc5
15. Qb1 Qe7 16. Nb5 Bb8 17. Nc3 Nxc3 18. Bxc3 Ne4 19. Be1 Rxc1 20. Rxc1 Ng5 21.
Nd2 Nh3+ 22. gxh3 Qg5+ 23. Bg4 f5 24. f4 Qg6 25. Kf2 fxg4 26. Qxg6 hxg6 27.
hxg4 g5 28. fxg5 Bxh2 29. Nc4 Rf8+ 30. Ke2 Bf3+ 31. Kd3 Rd8+ 32. Kc2 b5 33. Nd2
Rc8+ 34. Kb1 Rxc1+ 35. Kxc1 Bxg4 36. Ne4 Bc7 37. Nf2 Bf5 38. Bd2 Kf7 39. Kb2 e5
40. e4 Bd7 41. Be3 a6 42. Kc3 Ba5+ 43. b4 Bd8 44. Nd3 Bc7 45. Nc5 Bc8 46. Nd3
Ke6 47. a3 Kd6 48. Bf2 Ke6 49. Nc5+ Kf7 50. Bg3 a5 51. Nd3 Ke6 52. Nc5+ Kd6 53.
Nd3 Ke6 54. Nc5+ Ke7 55. Nd3 Ke6
1/2-1/2

[Event "Sveins 10. minneturnering"]
[Site "Oslo"]
[Date "2017.06.26"]
[Round "7"]
[White "Landsverk, Ida"]
[Black "Chachkes, George D"]
[Result "0-1"]
[WhiteElo "1415"]
[BlackElo "1681"]
[PlyCount "82"]
[EventDate "2017.??.??"]

1. e4 e5 2. Nf3 Nc6 3. Bb5 g6 4. c3 Nge7 5. O-O d6 6. d4 Bd7 7. Re1 Bg7 8. d5
Nb8 9. Bxd7+ Nxd7 10. Ng5 h6 11. Nxf7 Kxf7 12. f4 exf4 13. Bxf4 Kg8 14. Qg4 Kh7
15. h4 Be5 16. Qe6 Rf8 17. Bxe5 Nxe5 18. Nd2 Qd7 19. Qxd7 Nxd7 20. Nf3 Ne5 21.
Nxe5 dxe5 22. Rad1 Rf6 23. c4 g5 24. h5 Raf8 25. Re2 Kg7 26. c5 Nc8 27. b4 Kf7
28. Rf2 Rxf2 29. Kxf2 Ke7+ 30. Ke3 Rf6 31. g3 Ra6 32. Rf1 Ra3+ 33. Kf2 Rxa2+
34. Kg1 Re2 35. Rf5 Rxe4 36. Kf2 g4 37. Kg2 b6 38. Kf2 bxc5 39. bxc5 a5 40. d6+
cxd6 41. cxd6+ Nxd6
0-1

[Event "Sveins 10. minneturnering"]
[Site "Oslo"]
[Date "2017.06.26"]
[Round "7"]
[White "Vestby, Anniken"]
[Black "Amarapala, Sheroni"]
[Result "0-1"]
[WhiteElo "1336"]
[BlackElo "1471"]
[PlyCount "50"]
[EventDate "2017.??.??"]

1. e4 e5 2. Nf3 Nc6 3. Bb5 a6 4. Ba4 Nf6 5. O-O Bc5 6. h3 b5 7. Bb3 O-O 8. Re1
d6 9. c3 h6 10. d4 Bb6 11. d5 Ne7 12. Nbd2 Ng6 13. Nf1 Nh5 14. g4 Nhf4 15. Ng3
Nxh3+ 16. Kf1 Bxg4 17. Qd3 Bxf2 18. Ne2 Bxe1 19. Kxe1 Qf6 20. Qe3 Bxf3 21. Bd1
Nh4 22. Kd2 Ng2 23. Qd3 Nf2 24. Qc2 Qg5+ 25. Nf4 Qxf4#
0-1

[Event "Sveins 10. minneturnering"]
[Site "Oslo"]
[Date "2017.06.23"]
[Round "7"]
[White "Hestvik, Elias"]
[Black "Sharma, Neil E"]
[Result "1-0"]
[WhiteElo "1192"]
[BlackElo "1402"]
[PlyCount "163"]
[EventDate "2017.??.??"]

1. e4 c5 2. Nf3 d6 3. d4 cxd4 4. Nxd4 Nf6 5. Nc3 e5 6. Bb5+ Nbd7 7. Nf3 Be7 8.
O-O O-O 9. Re1 a6 10. Ba4 Nb6 11. Bb3 Qc7 12. h3 Rd8 13. Be3 Bd7 14. Qd2 Nc4
15. Bxc4 Qxc4 16. Bg5 Be6 17. Qe2 Qb4 18. Rab1 Qa5 19. a3 Qc7 20. Red1 h6 21.
Bxf6 Bxf6 22. Nd5 Bxd5 23. Rxd5 Rac8 24. c3 Qe7 25. Rbd1 Qc7 26. Qd3 Be7 27.
Rd2 Qc6 28. Qe2 Rc7 29. Nxe5 dxe5 30. Rxd8+ Bxd8 31. Rxd8+ Kh7 32. Qf3 Qe6 33.
Rd5 Re7 34. Qd3 Qc8 35. Qg3 Qe6 36. Qd3 Qc8 37. Rd8 Qc6 38. Qd6 Qxd6 39. Rxd6
h5 40. f3 g6 41. Kf2 Kh6 42. c4 Rc7 43. b3 Kg5 44. Kg3 Re7 45. h4+ Kh6 46. c5
Rc7 47. b4 Kg7 48. f4 f6 49. Kf3 exf4 50. Kxf4 Kf7 51. e5 fxe5+ 52. Kxe5 a5 53.
Kf4 axb4 54. axb4 Re7 55. c6 bxc6 56. Rxc6 Rb7 57. Rc4 Kf6 58. g3 Rb5 59. Rc6+
Kf7 60. Rc7+ Kf6 61. Rc6+ Kf7 62. Rc4 Kf6 63. g4 Kf7 64. g5 Ke6 65. Ke4 Kd6 66.
Kd4 Ke6 67. Rc6+ Kf7 68. Kc4 Rb7 69. Rf6+ Kg7 70. b5 Ra7 71. Ra6 Re7 72. Rd6
Re4+ 73. Rd4 Re1 74. b6 Rc1+ 75. Kb5 Rb1+ 76. Kc6 Kf7 77. b7 Rc1+ 78. Kb5 Rb1+
79. Rb4 Re1 80. b8=Q Re6 81. Rf4+ Kg7 82. Qf8+
1-0

[Event "Sveins 10. minneturnering"]
[Site "Oslo"]
[Date "2017.06.26"]
[Round "7"]
[White "Evenshaug, Amadeus Hestvik"]
[Black "Trasti, Nora"]
[Result "1-0"]
[WhiteElo "1214"]
[BlackElo "1359"]
[PlyCount "91"]
[EventDate "2017.??.??"]

1. e4 c5 2. Nf3 Nc6 3. Bb5 Nd4 4. Nxd4 cxd4 5. c3 a6 6. Bc4 e5 7. d3 Nf6 8. O-O
Bc5 9. Kh1 O-O 10. f4 d6 11. h3 dxc3 12. Nxc3 b5 13. Bb3 b4 14. Nd5 Nxd5 15.
Bxd5 Rb8 16. f5 Bb7 17. f6 Bxd5 18. exd5 gxf6 19. Bh6 Kh8 20. Bxf8 Qxf8 21.
Rxf6 Bd4 22. Rb1 e4 23. Rf4 Be5 24. Rxe4 f5 25. Rc4 Qg7 26. Qc2 Rg8 27. Rc8 Qb7
28. Rxg8+ Kxg8 29. Qc6 Qf7 30. Rc1 Kg7 31. Qc7 Qxc7 32. Rxc7+ Kg6 33. b3 Bd4
34. Rc6 Bc5 35. Rxa6 Kf6 36. Ra8 Ke5 37. Rh8 Kxd5 38. Rxh7 f4 39. Rf7 Ke5 40.
h4 Be3 41. h5 Ke6 42. Rg7 Kf6 43. Rg8 Kf7 44. Rg4 f3 45. gxf3 Kf6 46. Rxb4
1-0

[Event "Sveins 10. minneturnering"]
[Site "Oslo"]
[Date "2017.06.27"]
[Round "8"]
[White "Berg, Emanuel"]
[Black "Kvisvik, Brede Alex."]
[Result "1-0"]
[WhiteElo "2573"]
[BlackElo "2310"]
[PlyCount "71"]
[EventDate "2017.??.??"]

1. e4 e6 2. d4 d5 3. Nc3 Bb4 4. e5 c5 5. a3 Bxc3+ 6. bxc3 Qa5 7. Bd2 Qa4 8. Qg4
Kf8 9. Qd1 b6 10. h4 Ba6 11. h5 Bxf1 12. Kxf1 Qa6+ 13. Ne2 h6 14. Kg1 Ne7 15.
Rh4 Nbc6 16. Rf4 Kg8 17. Ng3 Rf8 18. Qf3 Qa4 19. Rc1 Qxa3 20. Rg4 Re8 21. Qf6
Ng6 22. Rxg6 fxg6 23. Qxg6 Re7 24. Nf5 cxd4 25. cxd4 Kf8 26. c4 Qd3 27. cxd5
Qxf5 28. Rxc6 Qxg6 29. hxg6 a5 30. dxe6 Re8 31. Rxb6 Ra8 32. d5 a4 33. Bb4+ Ke8
34. d6 Kd8 35. Ba5 a3 36. Rb8# 
1-0

[Event "Sveins 10. minneturnering"]
[Site "Oslo"]
[Date "2017.06.27"]
[Round "8"]
[White "Hansen, Torbjørn R."]
[Black "Hector, Jonny"]
[Result "0-1"]
[WhiteElo "2443"]
[BlackElo "2503"]
[PlyCount "92"]
[EventDate "2017.??.??"]

1. e4 e5 2. Nf3 Nc6 3. Bb5 a6 4. Ba4 Nf6 5. O-O Be7 6. Re1 b5 7. Bb3 Bb7 8. d3
O-O 9. c3 Re8 10. a4 Bf8 11. Nbd2 Na5 12. Ba2 c5 13. d4 exd4 14. cxd4 c4 15. e5
Nd5 16. Ne4 h6 17. axb5 axb5 18. Bb1 Nb3 19. Rxa8 Bxa8 20. Neg5 hxg5 21. Bh7+
Kxh7 22. Nxg5+ Kg8 23. Qh5 Qxg5 24. Bxg5 Nxd4 25. Qg4 Ne6 26. Bf6 Ndf4 27. h4
Bxg2 28. h5 Kh8 29. Bh4 Bh3 30. Qf3 Bg2 31. Qg4 Bc6 32. Rd1 Nd3 33. Qf5 Kg8 34.
h6 gxh6 35. Bf6 Ng7 36. Bxg7 Bxg7 37. f4 Re6 38. Rxd3 cxd3 39. Qxd3 f6 40. b4
fxe5 41. fxe5 Rxe5 42. Kh2 Rg5 43. Kh3 Bf6 44. Qd6 Kg7 45. Qf4 Bg2+ 46. Kh4
Rf5+ 
0-1

[Event "Sveins 10. minneturnering"]
[Site "Oslo"]
[Date "2017.06.27"]
[Round "8"]
[White "Getz, Nicolai"]
[Black "Hillarp Persson, Tiger"]
[Result "0-1"]
[WhiteElo "2391"]
[BlackElo "2496"]
[PlyCount "128"]
[EventDate "2017.??.??"]

1. e4 c5 2. Nf3 d6 3. d4 cxd4 4. Nxd4 Nf6 5. Nc3 a6 6. h3 e6 7. g4 Nfd7 8. g5
b5 9. a3 Bb7 10. Be3 Nb6 11. Qg4 N8d7 12. O-O-O Ne5 13. Qg3 Nec4 14. f4 Rc8 15.
Bf2 Qc7 16. Bxc4 Nxc4 17. Rd3 d5 18. exd5 Bd6 19. Nde2 O-O 20. Bd4 Bxd5 21.
Nxd5 exd5 22. c3 Rfe8 23. Qf3 Qe7 24. Rh2 Bxa3 25. bxa3 Qxa3+ 26. Kd1 Qa1+ 27.
Nc1 Qa4+ 28. Rc2 b4 29. Qf2 Nb2+ 30. Kd2 Nxd3 31. Nxd3 bxc3+ 32. Bxc3 Re4 33.
Qg2 Qb5 34. Rb2 Qc6 35. Be5 a5 36. Qg1 Rc4 37. Bd4 a4 38. Ne5 Rc2+ 39. Ke3 Qa6
40. Rxc2 Rxc2 41. Qd1 Rh2 42. Qf3 Qc8 43. Qxd5 Qc1+ 44. Ke4 Qb1+ 45. Nd3 Qh1+
46. Ke5 Qxd5+ 47. Kxd5 Rxh3 48. Kc4 Rf3 49. Be5 h5 50. gxh6 gxh6 51. Ne1 Re3
52. Nc2 Re2 53. Nd4 Ra2 54. Nb5 h5 55. Nc3 Rc2 56. Kb4 h4 57. Ne4 h3 58. Nf6+
Kf8 59. f5 h2 60. Bd6+ Kg7 61. Nh5+ Kh6 62. Ng3 a3 63. Bf4+ Kh7 64. Kb3 Rf2 0-1

[Event "Sveins 10. minneturnering"]
[Site "Oslo"]
[Date "2017.06.27"]
[Round "8"]
[White "Hoi, Carsten"]
[Black "Tan, Justin"]
[Result "0-1"]
[WhiteElo "2359"]
[BlackElo "2448"]
[PlyCount "96"]
[EventDate "2017.??.??"]

1. d4 d5 2. c4 e6 3. Nc3 c6 4. e3 Nd7 5. Nf3 Ngf6 6. Bd3 dxc4 7. Bxc4 b5 8. Bd3
a6 9. e4 c5 10. d5 Qc7 11. O-O Bb7 12. Qe2 c4 13. Bc2 e5 14. Be3 Bc5 15. Rac1
O-O 16. Nh4 Ne8 17. Nf5 Nd6 18. Bxc5 Nxc5 19. b4 Nd7 20. a3 Nxf5 21. exf5 Nf6
22. Rcd1 Qd6 23. Be4 a5 24. Qb2 axb4 25. axb4 Qb6 26. h3 Ne8 27. d6 Nf6 28.
Bxb7 Qxb7 29. Rfe1 Rfe8 30. Qd2 Qc6 31. Qe3 Ra3 32. Qd2 h6 33. Kh2 Rb3 34. f3
Qd7 35. g4 Qc6 36. Re3 Rd8 37. Kg2 e4 38. Nxe4 Nxe4 39. Rxe4 Rd3 40. Qe2 Qxd6
41. Re8+ Rxe8 42. Qxe8+ Kh7 43. Rf1 Rd2+ 44. Rf2 c3 45. f6 Rxf2+ 46. Kxf2 c2
47. Qe4+ g6 48. Qxc2 Qh2+ 
0-1

[Event "Sveins 10. minneturnering"]
[Site "Oslo"]
[Date "2017.06.27"]
[Round "8"]
[White "Kaasen, Tor Fredrik"]
[Black "Arvola, Benjamin"]
[Result "0-1"]
[WhiteElo "2402"]
[BlackElo "2435"]
[PlyCount "156"]
[EventDate "2017.??.??"]

1. e4 e5 2. Nf3 Nc6 3. Bc4 Bc5 4. c3 Nf6 5. d3 O-O 6. O-O d6 7. Bb3 a6 8. h3 h6
9. Re1 Ba7 10. Nbd2 Ne7 11. Nf1 Ng6 12. Ng3 Be6 13. d4 Bxb3 14. Qxb3 Qd7 15.
Be3 Rfe8 16. Rad1 exd4 17. Bxd4 Bxd4 18. cxd4 c6 19. Qc2 Qc7 20. h4 Qa5 21. Nf5
Rad8 22. b4 Qb6 23. Nd2 Qc7 24. Qc3 Ne7 25. Ng3 Qc8 26. Qf3 Qg4 27. e5 dxe5 28.
dxe5 Qxf3 29. Nxf3 Nfd5 30. a3 Nc3 31. Rc1 Nb5 32. Ne4 Nf5 33. Nc5 Re7 34. Rcd1
Nfd4 35. Nxd4 Nxd4 36. Kf1 Rd5 37. Rd2 Ne6 38. Rxd5 cxd5 39. Nxe6 Rxe6 40. f4
f6 41. Kf2 Kf7 42. Re3 fxe5 43. fxe5 Rc6 44. Kf3 Ke6 45. Kf2 Rc2+ 46. Kf1 d4
47. Re4 Kd5 48. Rg4 Rc7 49. e6 Re7 50. Ke2 Rxe6+ 51. Kd3 Re3+ 52. Kd2 Re7 53.
Kd3 Re3+ 54. Kd2 Rxa3 55. Rxg7 b5 56. Rg6 h5 57. Rg5+ Kc4 58. Rxh5 Ra2+ 59. Kc1
Rxg2 60. Rh6 Rh2 61. Rxa6 Rxh4 62. Rd6 Kxb4 63. Kc2 Kc5 64. Rd8 Rh3 65. Rd7
Rc3+ 66. Kd2 b4 67. Rc7+ Kd5 68. Rd7+ Kc4 69. Rc7+ Kb3 70. Rd7 d3 71. Rb7 Rc8
72. Rd7 Kb2 73. Kxd3 b3 74. Rh7 Ka2 75. Ra7+ Kb1 76. Kd2 b2 77. Rh7 Ra8 78. Kc3
Ka1 0-1